<?xml version="1.0" encoding="UTF-8"?>
<record
    xmlns:xsi="http://www.w3.org/2001/XMLSchema-instance"
    xsi:schemaLocation="http://www.loc.gov/MARC21/slim http://www.loc.gov/standards/marcxml/schema/MARC21slim.xsd"
    xmlns="http://www.loc.gov/MARC21/slim">

  <leader>03616cam a22003015a 4500</leader>
  <datafield tag="999" ind1=" " ind2=" ">
    <subfield code="c">23933</subfield>
    <subfield code="d">23905</subfield>
  </datafield>
  <controlfield tag="001">12939098</controlfield>
  <controlfield tag="005">20201203120813.0</controlfield>
  <controlfield tag="008">130312t2013    moua   frb    001 0 eng d</controlfield>
  <datafield tag="020" ind1=" " ind2=" ">
    <subfield code="a">9781455705542</subfield>
  </datafield>
  <datafield tag="040" ind1=" " ind2=" ">
    <subfield code="a">MNU</subfield>
    <subfield code="b">eng</subfield>
    <subfield code="e">pn</subfield>
    <subfield code="c">MNU</subfield>
    <subfield code="d">OPELS</subfield>
    <subfield code="d">BUF</subfield>
    <subfield code="d">OPELS</subfield>
    <subfield code="d">OCLCQ</subfield>
    <subfield code="d">YDXCP</subfield>
    <subfield code="d">N$T</subfield>
    <subfield code="d">OCLCF</subfield>
    <subfield code="d">VAM</subfield>
    <subfield code="d">OCLCQ</subfield>
    <subfield code="d">EBLCP</subfield>
    <subfield code="d">IDEBK</subfield>
    <subfield code="d">OPELS</subfield>
    <subfield code="d">OCLCQ</subfield>
    <subfield code="d">EG-ScBUE</subfield>
  </datafield>
  <datafield tag="082" ind1="0" ind2="4">
    <subfield code="2">22</subfield>
    <subfield code="a">617.52044</subfield>
    <subfield code="b">ORA</subfield>
  </datafield>
  <datafield tag="245" ind1="0" ind2="0">
    <subfield code="a">Oral &amp; maxillofacial trauma /</subfield>
    <subfield code="c">editor Raymond J. Fonseca... [et al.]</subfield>
  </datafield>
  <datafield tag="246" ind1="3" ind2=" ">
    <subfield code="a">Oral and maxillofacial trauma</subfield>
  </datafield>
  <datafield tag="250" ind1=" " ind2=" ">
    <subfield code="a">4th ed.</subfield>
  </datafield>
  <datafield tag="260" ind1=" " ind2=" ">
    <subfield code="a">St. Louis :</subfield>
    <subfield code="b">Elsevier / Saunders,</subfield>
    <subfield code="c">c.2013.</subfield>
  </datafield>
  <datafield tag="300" ind1=" " ind2=" ">
    <subfield code="a">xxxi, 875 p. :</subfield>
    <subfield code="b">ill. ;</subfield>
    <subfield code="c">28 cm.</subfield>
  </datafield>
  <datafield tag="504" ind1=" " ind2=" ">
    <subfield code="a">Includes bibliographical references and index.</subfield>
  </datafield>
  <datafield tag="505" ind1="0" ind2=" ">
    <subfield code="a">Metabolic Response to Trauma -- Wound Healing -- Nutrition for the Oral and Maxillofacial Surgery Patient -- Initial Assessment and Intensive Care of the Trauma Patient -- Emergency Airway Management in the Traumatized Patient -- anagement of Nonpenetrating Chest Trauma -- Recognition and Management of Shock -- Recognition and Management of Shock -- Abdominal Trauma : Evaluation and Management -- Applied Surgical Anatomy of the Head and Neck -- Early Assessment and Treatment Planning of the Maxillofacial Trauma Patient -- Radiographic Evaluation of Facial Injuries -- Radiographic Evaluation of Facial Injuries -- Mandibular Fractures -- Traumatic Injuries to the Mandibular Condyle -- Fractures of the Zygomatic Complex and Arch -- Diagnosis and Treatment of Midface Fractures -- Ophthalmic Consequences of Maxillofacial Injuries -- Evaluation and Management of Frontal Sinus Injuries -- Nasal Fractures : Evaluation and Management -- Management of Soft Tissue Injuries -- Secondary Revision of Soft Tissue Injury -- Management of Human and Animal Bites -- Diagnosis and Management of Traumatic Salivary Gland Injuries -- Traumatic Injuries of the Trigeminal Nerve -- Anesthetic Considerations in the Acutely Injured Patient -- Maxillofacial Ballistic and Missile Injuries -- Head and Neck Burn Injury -- Head and Neck Burn Injury -- Oral and Maxillofacial Trauma in the Geriatric Patient -- econstruction of Avulsive Defects of the Maxillofacial Complex -- Infection in the Patient with Maxillofacial Trauma -- Principles of Fixation for Maxillofacial Trauma -- Minimally Invasive Oral and Maxillofacial Surgery Trauma.</subfield>
  </datafield>
  <datafield tag="520" ind1=" " ind2=" ">
    <subfield code="a">Describing the diagnosis and management of maxillofacial and associated traumatic injuries step by step, this 4th Edition takes you beyond the surgical management of head and neck trauma to cover the general management of traumatic injuries, systemic evaluation of the trauma patient, and special considerations associated with maxillofacial trauma patient care. New to this edition are over 700 full-color illustrations showing details of traumatic injuries and their treatment. Edited by head and neck trauma expert Dr. Raymond J. Fonseca, along with over 80 highly respected contributors, this comprehensive reference provides all of the information you need to offer the best care possible to maxillofacial trauma patients. UPDATED content reflects current thinking and the latest techniques in the management of traumatic injuries. NEW full-color illustrations and design highlight clinical areas and show details of injuries and their treatment.</subfield>
  </datafield>
  <datafield tag="650" ind1=" " ind2="7">
    <subfield code="a">Mouth</subfield>
    <subfield code="x">Surgery.</subfield>
    <subfield code="2">BUEsh</subfield>
    <subfield code="9">36856</subfield>
  </datafield>
  <datafield tag="650" ind1=" " ind2="7">
    <subfield code="a">Maxilla</subfield>
    <subfield code="x">Surgery.</subfield>
    <subfield code="2">BUEsh</subfield>
    <subfield code="9">35959</subfield>
  </datafield>
  <datafield tag="650" ind1=" " ind2="0">
    <subfield code="a">Mouth</subfield>
    <subfield code="x">Wounds and injuries.</subfield>
    <subfield code="2">BUEsh</subfield>
  </datafield>
  <datafield tag="650" ind1=" " ind2="0">
    <subfield code="a">Maxilla</subfield>
    <subfield code="x">Wounds and injuries.</subfield>
    <subfield code="2">BUEsh</subfield>
    <subfield code="9">35959</subfield>
  </datafield>
  <datafield tag="651" ind1=" " ind2=" ">
    <subfield code="2">BUEsh</subfield>
  </datafield>
  <datafield tag="653" ind1=" " ind2=" ">
    <subfield code="c">January2017</subfield>
  </datafield>
  <datafield tag="700" ind1="1" ind2=" ">
    <subfield code="a">Fonseca, Raymond J.,</subfield>
    <subfield code="e">editor.</subfield>
    <subfield code="9">35955</subfield>
  </datafield>
  <datafield tag="942" ind1=" " ind2=" ">
    <subfield code="2">ddc</subfield>
  </datafield>
  <datafield tag="952" ind1=" " ind2=" ">
    <subfield code="0">0</subfield>
    <subfield code="1">0</subfield>
    <subfield code="2">ddc</subfield>
    <subfield code="4">0</subfield>
    <subfield code="7">0</subfield>
    <subfield code="a">MAIN</subfield>
    <subfield code="b">MAIN</subfield>
    <subfield code="c">0TH</subfield>
    <subfield code="d">2017-01-15</subfield>
    <subfield code="e">Purchase</subfield>
    <subfield code="g">3320.00</subfield>
    <subfield code="h">0000480</subfield>
    <subfield code="l">0</subfield>
    <subfield code="o">617.52044 ORA</subfield>
    <subfield code="p">000040962</subfield>
    <subfield code="r">2025-07-15 00:00:00</subfield>
    <subfield code="v">4150.00</subfield>
    <subfield code="y">REFERENCE</subfield>
  </datafield>
</record>
